| 000 | 00522nam a2200181Ia 4500 | ||
|---|---|---|---|
| 008 | 100920s9999 xx 000 0 und d | ||
| 082 |
_b76717 _a--- न 00 |
||
| 100 | _aबापट मुकुंद. | ||
| 245 | _aरचना. | ||
| 260 |
_bसूर्याक्षरविविधा, पुणे. _c2000 |
||
| 300 |
_a160 _bसाधी |
||
| 365 | _b120 | ||
| 520 | _aकादंबरी. | ||
| 630 | _aरचना. | ||
| 650 | _aकादंबरी. | ||
| 730 | _aरचना. | ||
| 942 | _cBOOK | ||
| 999 |
_c718079 _d718076 |
||